| 000 | 00519nam a2200145 a 4500 | ||
|---|---|---|---|
| 001 | 000038437 | ||
| 005 | 20201002031248.0 | ||
| 008 | 130411s2013 dr 000 0 spa d | ||
| 020 | _a9789945007053 | ||
| 040 |
_aDO-SdBNP _bspa _cBNPHU |
||
| 100 | 1 |
_aMelo, Henry _964781 |
|
| 245 | 1 | 0 |
_aElecciones del año 1998 : _b¿voto póstumo por el doctor Peña Gómez?, elecciones recientes en la República Dominicana / _cMelo Henry. |
| 260 |
_aSanto Domingo : _bJ.M. Publicidad, _c2013. |
||
| 300 |
_a203 p. : _bil., retrs. ; _c23 cm. |
||
| 999 |
_c37927 _d37927 |
||